| 000 | 00434cam a2200181ua 4500 | ||
|---|---|---|---|
| 020 | _c5.00 | ||
| 041 |
_ahin _h |
||
| 082 |
_a891.43 _bVRI/MR |
||
| 100 | _aVrindavanlal, Verma . | ||
| 245 |
_aMrighanayani / _cVrindhavanlal Verma. _hTextual Documents |
||
| 250 |
_a11 / _b. |
||
| 260 |
_aJhansi : _bMathur Prakashan , _c1962. |
||
| 300 | _a494 ; . | ||
| 365 | _a5.00 | ||
| 504 | _a | ||
| 942 | _cBK | ||
| 999 |
_c11481 _d11481 |
||